000 05691cam a22018854i 4500
003 PE-LiUPU
005 20250813165659.0
008 150625s2006 sp a r 000 0 spa d
035 _a(Sirsi) a38373
040 _aPE-LiUPU
_bspa
_cPE-LiUPU
_dPE-LiUPU
_erda
049 _aPRUA
082 0 4 _a612
_bT732006
_221
100 1 _aTortora, Gerad J.,
_eautor.
245 1 0 _aPrincipios de Anatomía y fisiología /
_cGerard J. Tortora y Bryan Derrickson.
250 _a11a edición.
264 1 _aBarcelona :
_bPanamericana,
_c2006.
300 _a1154 páginas :
_bilustraciones ;
_c28 centímetros
300 _a1 CD-ROM
336 _atext
_2rdacontent
337 _aunmediated
_2rdamedia
338 _avolume
_2rdacarrier
505 0 _aIntroducción al cuerpo humano -- El nivel químico de organización -- El nivel celular de organización -- El nivel tisular de organización -- El sistema tegumentario -- El sistema esquelético: tejido óseo -- El sistema esquelético: el esqueleto axial -- El sistema esquelético: el esqueleto apendicular -- Articulaciones -- El tejido muscular -- El sistema muscular -- Tejido nervioso -- La médula espinal y los nervios espinales -- El encéfalo y los nervios craneales -- El Sistema nervioso autónomo -- Sistema sensitivo, motor e integrador -Sentidos especiales -- El sistema endocrino -- El aparato circulatorio: la sangre -- El aparato circulatorio: vasos sanguíneos y hemodinámica -- El sistema linfático y la inmunidad -- El aparato respiratorio -- El aparato digestivo -- Metabolismo y nutrición -- El aparato urinario -- Los aparatos reproductores.
526 _aP203
526 _aP200
526 _aSEG65
526 _aSEG64
526 _aSEG63
526 _aSEG62
526 _aSEG61
526 _aSEG60
526 _aSEG59
526 _aSEG58
526 _aSEG57
526 _aSEG56
526 _aSEG55
526 _aSEG54
526 _aSEG53
526 _aSEG52
526 _aSEG51
526 _aSEG50
526 _aSEG49
526 _aSEG48
526 _aSEG47
526 _aSEG46
526 _aSEG24
526 _aSEG23
526 _aSEG22
526 _aSEG21
526 _aSEG20
526 _aSEG19
526 _aSEG18
526 _aSEG17
526 _aSEG16
526 _aSEG14
526 _aSEG13
526 _aSEG12
526 _aSEG11
526 _aSEG10
526 _aSEG09
526 _aSEG06
526 _aSEG05
526 _aSEG04
526 _aSEG03
526 _aSEG02
526 _aSEG68
526 _aSEG66
526 _aSEG45
526 _aSEG25
526 _aSEG01
526 _aP163
526 _aP162
526 _aP161
526 _aP160
526 _aP159
526 _aP158
526 _aP157
526 _aP156
526 _aP155
526 _aP154
526 _aP153
526 _aP152
526 _aP151
526 _aP150
526 _aP149
526 _aP142
526 _aP141
526 _aP140
526 _aP139
526 _aP138
526 _aP137
526 _aP132
526 _aP131
526 _aP130
526 _aP126
526 _aP125
526 _aP124
526 _aP123
526 _aP115
526 _aP122
526 _aP121
526 _aP116
526 _a P114
526 _aP112
526 _aP111
526 _aP104
526 _aP103
526 _aP102
526 _aP101
526 _aP100
526 _aP96
526 _aP95
526 _aP93
526 _aP92
526 _aP91
526 _aP88
526 _aP83
526 _aP82
526 _aP79
526 _aP78
526 _aP75
526 _aP74
526 _aP71
526 _aP69
526 _a P51
526 _aP49
526 _aP48
526 _aP47
526 _aP33
526 _aP31
526 _a P30
526 _aP29
526 _aP27
526 _aP26
526 _aP25
526 _aP24
526 _a P22
526 _aP10
526 _aP09
526 _a P08
526 _aP06
526 _aP05
526 _aP04
526 _aP01
541 _g001-0002610;
541 _g001-000325;
541 _g001-000345;
650 0 4 _aAnatomía humana.
_9670
650 0 4 _aFisiología humana.
_9750
700 1 _aDerrikson, Bryan,
_eautor.
910 _bjv
_cng
_d20080111
942 _2ddc
_cBOOK
949 _a612 T73 2006
_wDEWEY
_c1
_i57631
_lCCODEBUL1
_mBUL
_p73.00
_r0
_sY
_tBOOK
_u2015-06-25
_xSALUD
_PP22
_0COMPRA
_o.STAFF. Colección General
949 _aPGS 611.95 S472
_wDEWEY
_c2
_i58335
_lCCODEBUL1
_mBUL
_p73.00
_r0
_sY
_tBOOK
_u2015-06-25
_xSALUD
_PP22
_0COMPRA
_o.STAFF. Colección Ciencias de la Salud
949 _a611.95 S47
_wDEWEY
_c3
_i58588
_lCCODEBUL1
_mBUL
_p73.00
_r0
_sY
_tBOOK
_u2015-06-25
_xSALUD
_PP22
_0COMPRA
_o.STAFF. Colección General
994 _aC0
_bPEPRU
596 _a1
999 _a612 T73 2006
_wDEWEY
_c46650
_i57631
_d46650
_e2018-9-12
_f2019-2-26
_g3
_lDISCARD
_mBUL
_n38
_p73.00
_q11
_r0
_sY
_tBOOK
_u2015-6-25
_xSALUD
_PP22
_0COMPRA
_o.STAFF. Colección General
999 _a612 T73 2006
_wDEWEY
_c2
_i58588
_d2022-7-12
_e2018-11-15
_f2022-5-6
_g2
_lCCODEBUL1
_mBUL
_n9
_p73.00
_q16
_r0
_sY
_tBOOK
_u2018-3-21
_xSALUD
_0COMPRA
_o.STAFF. Colección Ciencias de la Salud
999 _aPGS 611.95 S472
_wDEWEY
_c2
_i58335
_d2022-5-30
_e2019-11-18
_f2021-11-3
_g5
_lCCODEBUL1
_mBUL
_n75
_p73.00
_q28
_r0
_sY
_tBOOK
_u2015-6-25
_xSALUD
_zP22
_0COMPRA
_o.STAFF. Colección Ciencias de la Salud
980 _81
_gALBERTO SANCHEZ Responsable de Automatización